Kuliyat-E-Chakbast (Record no. 8701)

MARC details
000 -LEADER
fixed length control field 00621nam a2200253 a 4500
020 ## - INTERNATIONAL STANDARD BOOK NUMBER
ISBN
082 00 - DEWEY DECIMAL CLASSIFICATION NUMBER
Classification number 891.41
Author Cutter RIZ
100 ## - MAIN ENTRY--AUTHOR NAME
Author name Riza, Kalidas Gupta
245 ## - TITLE STATEMENT
Title Kuliyat-E-Chakbast
260 ## - PUBLICATION, DISTRIBUTION, ETC. (IMPRINT)
Place of publication Bombay
Name of publisher Sakar Publishers
Year of publication 1981
300 ## - PHYSICAL DESCRIPTION
Number of Pages 400p
500 ## - GENERAL NOTE
General note includes index and biblioraphy
505 2# - FORMATTED CONTENTS NOTE
Formatted contents note Index, Bibliography
650 ## - SUBJECT ADDED ENTRY--TOPICAL TERM
Topical Term Urdu-Poetry-chakbast
650 ## - SUBJECT ADDED ENTRY--TOPICAL TERM
Topical Term Chakbast-Poetry
942 ## - ADDED ENTRY ELEMENTS (KOHA)
Koha item type Books
700 1# -
-- Riza, Kalidas Gupta
Holdings
Collection code Home library Current library Date acquired Cost, normal purchase price Full call number Accession Number Koha item type
  Henry Martyn Institute Library Henry Martyn Institute Library 06/21/2007 60.00 891.41 RIZ 010352 Books
                   Copyright © 2026 | Henry Martyn Institute | Hyderabad | TS-500052 | INDIA | Implemented by hmi.edu.in
Hit-Count:

Powered by Koha